000 00421nam a2200181Ia 4500
001 14574
003 IN-NITTTR
005 20251114233137.0
008 251113s9999||||xx |||||||||||||| ||eng||
040 _beng
040 _cIN-NITTTR
041 _aeng
082 _a025.1 P196L
100 _aPanwar, B. S.
245 0 _aLibrary management /
_cPanwar, B. S., Vyas, S. D.
700 _a Vyas, S. D.
942 _2ddc
_cBK
999 _c17210
_d17210